Crew safety standards and training for large LNG carriers: essential best practices for the industry / (Record no. 438)

000 -LEADER
fixed length control field 00552 a2200145 4500
008 - FIXED-LENGTH DATA ELEMENTS--GENERAL INFORMATION
fixed length control field 221229b ||||| |||| 00| 0 eng d
020 ## - INTERNATIONAL STANDARD BOOK NUMBER
International Standard Book Number 1856092577
082 00 - DEWEY DECIMAL CLASSIFICATION NUMBER
Classification number 623.824
Item number S5789
110 ## - MAIN ENTRY--CORPORATE NAME
9 (RLIN) 5060
Corporate name or jurisdiction name as entry element Society of International Gas Tanker and Terminal Operators
245 ## - TITLE STATEMENT
Title Crew safety standards and training for large LNG carriers: essential best practices for the industry /
260 ## - PUBLICATION, DISTRIBUTION, ETC. (IMPRINT)
Place of publication, distribution, etc Scotland:
Name of publisher, distributor, etc Witherby Seamanship International Ltd.,
Date of publication, distribution, etc 2009.
300 ## - PHYSICAL DESCRIPTION
Extent iv, 44 p.
650 #0 - SUBJECT ADDED ENTRY--TOPICAL TERM
Topical term or geographic name as entry element Liquefied gases--Transportation--Safety measures
942 ## - ADDED ENTRY ELEMENTS (KOHA)
Source of classification or shelving scheme
Item type Books
Holdings
Withdrawn status Lost status Source of classification or shelving scheme Damaged status Not for loan Permanent location Current location Date acquired Source of acquisition Full call number Barcode Date last seen Koha item type
          IMU Kolkata IMU Kolkata 2017-03-02 Jyoti, the Book People 623.824 S5789 11947 2019-09-24 Books
Designed and Maintained by IMU-KC Library, Kolkata Campus © Copyright All Rights Reserved

webs counters

Powered by Koha